| 000 | 01231nam a2200313Ia 4500 | ||
|---|---|---|---|
| 001 | ebr10159616 | ||
| 003 | CaPaEBR | ||
| 006 | m u | ||
| 007 | cr cn||||||||| | ||
| 008 | 940127s1994 mnuab s 001 0 eng d | ||
| 010 | _z 94004000 | ||
| 020 | _z9780816642007 | ||
| 020 | _z1570250227 | ||
| 040 |
_aCaPaEBR _cCaPaEBR |
||
| 035 | _a(OCoLC)191818197 | ||
| 050 | 1 | 4 |
_aSH462 _b.P47 1994eb |
| 082 | 0 | 4 |
_a799.1/1/097749 _220 |
| 100 | 1 | _aPerich, Shawn. | |
| 245 | 1 | 0 |
_aFishing Lake Superior _h[electronic resource] : _ba complete guide to stream, shoreline, and open-water angling / _cShawn Perich ; illustrations by Jeff Sonstegard. |
| 260 |
_aDuluth, MN : _bPfeifer-Hamilton, _cc1994. |
||
| 300 |
_axi, 163 p. : _bill., maps. |
||
| 500 | _aIncludes index. | ||
| 533 |
_aElectronic reproduction. _bPalo Alto, Calif. : _cebrary, _d2009. _nAvailable via World Wide Web. _nAccess may be limited to ebrary affiliated libraries. |
||
| 650 | 0 |
_aFishing _zSuperior, Lake. |
|
| 650 | 0 | _aWildlife-related recreation. | |
| 655 | 7 |
_aElectronic books. _2local |
|
| 710 | 2 | _aebrary, Inc. | |
| 856 | 4 | 0 |
_uhttp://site.ebrary.com/lib/rucke/Doc?id=10159616 _zAn electronic book accessible through the World Wide Web; click to view |
| 999 |
_c243585 _d243585 |
||